Les couples de Grey's Anatomy - Statistiques

Statistiques générales
  • Ce quiz a été pris 2 192 fois
  • Le résultat moyen est 30 sur 36
Statistiques - réponses
Question Tuile Select % Correct
Avec quelles femmes Alex Karev n'a-t-il pas eu d'aventure ? Non
97%
Avec quelles femmes Alex Karev n'a-t-il pas eu d'aventure ? Non
96%
Avec quelles femmes Alex Karev n'a-t-il pas eu d'aventure ? Non
95%
Avec quelles femmes Alex Karev n'a-t-il pas eu d'aventure ? Oui
95%
Avec quelles personnes Callie Torres n'a-t-elle pas eu d'aventure ? Non
95%
Avec quelles personnes Callie Torres n'a-t-elle pas eu d'aventure ? Non
95%
Avec quelles femmes Jackson Avery n'a-t-il pas eu d'aventure ? Non
94%
Avec quelles femmes Alex Karev n'a-t-il pas eu d'aventure ? Non
94%
Avec quelles personnes Callie Torres n'a-t-elle pas eu d'aventure ? Non
94%
Avec quelles femmes Mark Sloan n'a-t-il pas eu d'aventure ? Non
94%
Avec quelles femmes Mark Sloan n'a-t-il pas eu d'aventure ? Non
94%
Avec quelles femmes Alex Karev n'a-t-il pas eu d'aventure ? Non
93%
Avec quelles femmes Mark Sloan n'a-t-il pas eu d'aventure ? Non
93%
Avec quelles personnes Callie Torres n'a-t-elle pas eu d'aventure ? Oui
92%
Avec quelles femmes Jackson Avery n'a-t-il pas eu d'aventure ? Non
91%
Avec quelles femmes Jackson Avery n'a-t-il pas eu d'aventure ? Oui
89%
Avec quelles personnes Callie Torres n'a-t-elle pas eu d'aventure ? Non
89%
Avec quelles femmes Jackson Avery n'a-t-il pas eu d'aventure ? Non
88%
Avec quelles personnes Callie Torres n'a-t-elle pas eu d'aventure ? Non
88%
Avec quelles personnes Callie Torres n'a-t-elle pas eu d'aventure ? Oui
88%
Avec quelles femmes Mark Sloan n'a-t-il pas eu d'aventure ? Oui
88%
Avec quelles femmes Jackson Avery n'a-t-il pas eu d'aventure ? Non
86%
Avec quelles femmes Jackson Avery n'a-t-il pas eu d'aventure ? Non
85%
Avec quelles femmes Jackson Avery n'a-t-il pas eu d'aventure ? Oui
85%
Avec quelles femmes Mark Sloan n'a-t-il pas eu d'aventure ? Oui
82%
Avec quelles femmes Jackson Avery n'a-t-il pas eu d'aventure ? Oui
80%
Avec quelles femmes Alex Karev n'a-t-il pas eu d'aventure ? Non
78%
Avec quelles personnes Callie Torres n'a-t-elle pas eu d'aventure ? Oui
78%
Avec quelles femmes Alex Karev n'a-t-il pas eu d'aventure ? Non
77%
Avec quelles personnes Callie Torres n'a-t-elle pas eu d'aventure ? Oui
72%
Avec quelles femmes Mark Sloan n'a-t-il pas eu d'aventure ? Non
60%
Avec quelles femmes Mark Sloan n'a-t-il pas eu d'aventure ? Oui
60%
Avec quelles femmes Jackson Avery n'a-t-il pas eu d'aventure ? Non
59%
Avec quelles femmes Mark Sloan n'a-t-il pas eu d'aventure ? Non
58%
Avec quelles femmes Alex Karev n'a-t-il pas eu d'aventure ? Oui
53%
Avec quelles femmes Mark Sloan n'a-t-il pas eu d'aventure ? Non
53%
Aucun quiz correspondant
Distribution des résultats
% des personnes avec chaque résultat
Percentile par nombre de réponses
Votre historique - résultats
Vous n’avez pas pris ce quiz